000 00484nam a22001937a 4500
003 OSt
005 20170303134830.0
008 170303b xxu||||| |||| 00| 0 eng d
020 _a9789812790200
020 _a9812790209
040 _cDDC.
082 _a530HOO 2006.
100 _a't Hooft,Gerald;
_911736
245 _aPlaying with Planets.
260 _aNew Jersey;
_bWorld scientists.
_c2006.
300 _a143p;
_bill;
_c23cm.
650 _aPhysics,
_9809
942 _2ddc
_cO_SHELF
999 _c5634
_d5634